| 000 | 02232nam a2200325 a 4500 | ||
|---|---|---|---|
| 001 | 77639 | ||
| 003 | BD-RjUL | ||
| 005 | 20211209083015.0 | ||
| 008 | 201215s2004 bg a|||| m||| 00| 0 ben d | ||
| 035 | _a(BD-RjUL)77865 | ||
| 040 |
_aBD-RjUL _cBD-RjUL _dBD-RjUL _bben/eng |
||
| 041 | _aben | ||
| 082 |
_a324.25492 _bRAB 2004 _223 |
||
| 100 | 1 |
_aরাজী, এস. এম. _9168653 |
|
| 245 | 1 | 0 |
_aবাংলাদেশের রাজনীতিতে বাংলাদেশ আওয়ামী লীগ ও বাংলাদেশ জাতীয়তাবাদী দলের ভূমিকা (১৯৯০-২০০১) : _bএকটি তুলনামূলক পর্যালোচনা / _cএস. এম. রাজী ; _6তত্বাবধায়ক : এম. শামসুর রহমান |
| 260 |
_aরাজশাহী : _bরাষ্ট্রবিজ্ঞান বিভাগ, রাজশাহী বিশ্ববিদ্যালয়, _c২০০৪ |
||
| 300 |
_aix, ৩৯৩ পাতা : _bচিত্র ; _c২৯ সেমি. |
||
| 502 | _aথিসিস (পিএইচ. ডি) -- রাষ্ট্রবিজ্ঞান বিভাগ, রাজশাহী বিশ্ববিদ্যালয়, ২০০৪ | ||
| 504 | _aগ্রন্থপঞ্জী : পাতা [৩৩২] - ৩৫৩ | ||
| 650 |
_aরাজনৈতিক দল _zবাংলাদেশ _y১৯৯০-২০০১ _9242579 |
||
| 650 |
_aPolitical parties _zBangladesh _y1990-2001 _9242580 |
||
| 650 |
_aবাংলাদেশ আওয়ামী লীগ _y১৯৯০-২০০১ _9242698 |
||
| 650 |
_aBangladesh Awami League _y1990-2001 _9242699 |
||
| 650 |
_aবাংলাদেশ জাতীয়তাবাদী দল _y১৯৯০-২০০১ _9242700 |
||
| 650 |
_aBangladesh Nationalist Party. _y1990-2001 _9242701 |
||
| 651 |
_aবাংলাদেশ _xরাজনীতি এবং সরকার। _y১৯৯০-২০০১ _9242696 |
||
| 651 |
_aBangladesh _xPolitics and Government. _y1990-2001 _9242697 |
||
| 700 |
_aরহমান, এম. শামসুর, তত্বাবধায়ক _9242583 |
||
| 942 |
_2ddc _cTHE |
||
| 999 |
_c77639 _d77639 |
||